[Event "TCh-FRA Top 16 GpB 2022"]
[Site "Chartres FRA"]
[Date "2022.06.10"]
[Round "2.2"]
[Board "3"]
[White "Amin, Bassem"]
[Black "Dionisi, Thomas"]
[Result "1-0"]
[WhiteTitle "GM"]
[BlackTitle "IM"]
[WhiteElo "2681"]
[BlackElo "2410"]
[WhiteTeam "Clichy-Echecs-92"]
[BlackTeam "Les Tours des Hauts de France - St Quentin"]
[WhiteFideId "10601457"]
[BlackFideId "651893"]
[EventDate "2022.06.09"]

1. e4 e5 2. Nf3 Nc6 3. Bb5 a6 4. Ba4 Bc5 5. c3 Nge7 6. O-O Ba7 7. d4 Ng6 8. Bg5
f6 9. Be3 O-O 10. Nbd2 d6 11. Re1 Kh8 12. h3 exd4 13. Nxd4 Nxd4 14. cxd4 Be6 15.
d5 Bxe3 16. Rxe3 Bg8 17. Nf3 f5 18. exf5 Nf4 19. Qd2 Qf6 20. Bc2 Bxd5 21. Rae1
c6 22. Qb4 Bxf3 23. Rxf3 Nd5 24. Qxb7 Rab8 25. Qxc6 Nb4 26. Qc3 Qxc3 27. Rxc3
Nxa2 28. Rc7 Nb4 29. Bb1 Rfc8 30. Rd7 Rd8 31. Ree7 Rxd7 32. Rxd7 d5 33. f6 gxf6
34. Rxh7+ Kg8 35. Rd7 Kf8 36. Bg6 Nc6 37. Rf7+ Kg8 38. Rxf6 Ne5 39. Rxa6 Rxb2
40. Bf5 d4 41. f4 Nf7 42. Be6 Kf8 43. Kh2 d3 44. Bxf7 Kxf7 45. Rd6 d2 46. Kg3
Ke7 47. Rd4 Ke6 48. Kf3 Kf6 49. h4 1-0

[Event "TCh-FRA Top 16 GpB 2022"]
[Site "Chartres FRA"]
[Date "2022.06.10"]
[Round "2.2"]
[Board "4"]
[White "Brochet, Philippe"]
[Black "Hamdouchi, Hicham"]
[Result "1/2-1/2"]
[WhiteTitle "IM"]
[BlackTitle "GM"]
[WhiteElo "2390"]
[BlackElo "2536"]
[WhiteTeam "Les Tours des Hauts de France - St Quentin"]
[BlackTeam "Clichy-Echecs-92"]
[WhiteFideId "602469"]
[BlackFideId "9000011"]
[EventDate "2022.06.09"]

1. e4 c5 2. Nc3 Nc6 3. Bb5 Nd4 4. Bd3 a6 5. f4 d6 6. Nf3 Bg4 7. Be2 Bxf3 8. Bxf3
e6 9. d3 Ne7 10. Be3 Nec6 11. O-O g6 12. g3 Bg7 13. Bg2 O-O 14. Ne2 Nxe2+ 15.
Qxe2 b5 16. e5 Rc8 17. c3 dxe5 18. Bxc5 Ne7 19. Ba3 exf4 20. Rxf4 e5 21. Re4 Re8
22. d4 Nc6 23. dxe5 Nxe5 24. Rd1 Qb6+ 25. Kh1 Red8 26. Red4 Nc4 27. Bc5 Bxd4 28.
Bxb6 Bxb6 29. Bb7 Rxd1+ 30. Qxd1 Rd8 31. Qc1 Ne3 32. Bf3 Rd6 33. b3 h5 34. c4
bxc4 35. bxc4 Bc5 36. h3 Rf6 37. Be2 Rf2 38. Qb2 Nf5 39. Qb8+ Kh7 40. Bd3 Bd6
41. Qb6 Bxg3 42. Bxf5 gxf5 43. Qf6 f4 44. Qxf7+ Kh6 45. Qf6+ Kh7 46. h4 Rh2+ 47.
Kg1 Rxh4 48. Qf5+ Kh6 49. Qf8+ Kg5 50. Qg7+ Kf5 51. Qf7+ Ke4 52. Qd5+ Ke3 53.
Qe5+ Kf3 54. Qd5+ Ke3 55. Qe5+ Kf3 56. Qd5+ 1/2-1/2

[Event "TCh-FRA Top 16 GpB 2022"]
[Site "Chartres FRA"]
[Date "2022.06.10"]
[Round "2.2"]
[Board "5"]
[White "Vocaturo, Daniele"]
[Black "Heinz, Timothee"]
[Result "1-0"]
[WhiteTitle "GM"]
[BlackTitle "FM"]
[WhiteElo "2608"]
[BlackElo "2377"]
[WhiteTeam "Clichy-Echecs-92"]
[BlackTeam "Les Tours des Hauts de France - St Quentin"]
[WhiteFideId "813192"]
[BlackFideId "623369"]
[EventDate "2022.06.09"]

1. e4 e6 2. d4 d5 3. Nc3 Nf6 4. e5 Nfd7 5. f4 c5 6. Nf3 Nc6 7. Be3 cxd4 8. Nxd4
Bc5 9. Qd2 Bxd4 10. Bxd4 Nxd4 11. Qxd4 Qb6 12. Qd2 Nc5 13. O-O-O Bd7 14. h4 Na4
15. Nxa4 Bxa4 16. Rh3 Rc8 17. Bd3 Bb5 18. f5 Bxd3 19. Rxd3 exf5 20. Rb3 Qc7 21.
Rc3 Qb8 22. Rxc8+ Qxc8 23. Qb4 h5 24. Qd6 Rh6 25. Qxd5 Rc6 26. c3 Qc7 27. Qd4 b6
28. Qf4 Re6 29. Rd5 Qc6 30. Qd4 Qc7 31. a3 g6 32. Kb1 Rc6 33. Qf4 Kf8 34. Qh6+
Kg8 35. Qd2 Rc5 36. Rd8+ Kg7 37. e6 Qe5 38. exf7 Kxf7 39. Rd7+ Ke6 40. Rxa7 Rd5
41. Qf2 Rd1+ 42. Kc2 Rd6 43. Ra4 Kf7 44. Rb4 Ke7 45. a4 Qe6 46. g3 Kf7 47. Rd4
Rc6 48. Qd2 Rc7 49. Qd3 Qe8 50. Rb4 Qe6 51. Qb5 Rc6 52. Rd4 Kf6 53. Qd3 Ke7 54.
Rd5 Rc5 55. Rxc5 bxc5 56. a5 c4 57. Qd4 Qe2+ 58. Kb1 Qe1+ 59. Ka2 Qxg3 60. a6
Qc7 61. a7 Qa5+ 62. Kb1 Qa4 63. Qe5+ Kd7 64. Qd5+ 1-0

[Event "TCh-FRA Top 16 GpB 2022"]
[Site "Chartres FRA"]
[Date "2022.06.10"]
[Round "2.2"]
[Board "6"]
[White "Godart, Francois"]
[Black "Delorme, Axel"]
[Result "1/2-1/2"]
[WhiteTitle "IM"]
[BlackTitle "GM"]
[WhiteElo "2394"]
[BlackElo "2464"]
[WhiteTeam "Les Tours des Hauts de France - St Quentin"]
[BlackTeam "Clichy-Echecs-92"]
[WhiteFideId "208078"]
[BlackFideId "632023"]
[EventDate "2022.06.09"]

1. d4 d5 2. c4 e6 3. Nf3 c6 4. e3 f5 5. Bd3 Nf6 6. O-O Bd6 7. b3 Qe7 8. a4 Ne4
9. Ba3 Bxa3 10. Nxa3 Nd7 11. Qc2 O-O 12. Qb2 a5 13. Nc2 b6 14. b4 Ba6 15. b5
cxb5 16. cxb5 Bb7 17. Rfc1 Rac8 18. Nce1 Nd6 19. Qa3 Rxc1 20. Rxc1 Rc8 21. Rxc8+
Nxc8 22. Qxe7 1/2-1/2

[Event "TCh-FRA Top 16 GpB 2022"]
[Site "Chartres FRA"]
[Date "2022.06.10"]
[Round "2.2"]
[Board "7"]
[White "Tregubov, Pavel V."]
[Black "Marcelin, Cyril"]
[Result "1/2-1/2"]
[WhiteTitle "GM"]
[BlackTitle "GM"]
[WhiteElo "2543"]
[BlackElo "2440"]
[WhiteTeam "Clichy-Echecs-92"]
[BlackTeam "Les Tours des Hauts de France - St Quentin"]
[WhiteFideId "4115341"]
[BlackFideId "607274"]
[EventDate "2022.06.09"]

1. d4 d5 2. c4 e6 3. Nc3 a6 4. cxd5 exd5 5. Nf3 c6 6. Bf4 Bd6 7. Bxd6 Qxd6 8. e3
Ne7 9. Qb3 O-O 10. Bd3 Nd7 11. O-O Nf6 12. Na4 Rb8 13. Nc5 g6 14. Rac1 Bf5 15.
Ne5 Bxd3 16. Qxd3 Nc8 17. f3 Nb6 18. e4 Nfd7 19. Nexd7 Nxd7 20. e5 Nxc5 21. Rxc5
Qe7 22. f4 f6 23. Rc2 Rbe8 24. Re2 fxe5 25. dxe5 Qc5+ 26. Re3 Qb4 27. f5 Rxf5
28. Rxf5 gxf5 29. Qxf5 Rf8 30. Qg5+ Kh8 31. h3 Qf4 32. Qxf4 Rxf4 33. e6 Rf8 34.
Rb3 Re8 35. Rxb7 Rxe6 36. Kf2 c5 37. b3 c4 38. bxc4 dxc4 39. Rb2 Kg7 40. Rc2 Re4
41. Kf3 Rd4 42. Rc3 Kf6 43. Ra3 Ke5 44. Ra5+ Rd5 45. Rxd5+ Kxd5 46. Ke3 Ke5 47.
a4 c3 48. Kd3 Kf4 49. Kxc3 Kg3 50. Kb4 h5 51. Ka5 h4 52. Kxa6 Kxg2 53. a5 Kxh3
54. Kb5 Kg2 55. a6 h3 56. a7 h2 57. a8=Q+ Kg1 58. Qa7+ 1/2-1/2

[Event "TCh-FRA Top 16 GpB 2022"]
[Site "Chartres FRA"]
[Date "2022.06.10"]
[Round "2.2"]
[Board "8"]
[White "Monpeurt, Cyrielle"]
[Black "Afraoui, Anaelle"]
[Result "1/2-1/2"]
[WhiteTitle "WFM"]
[BlackTitle "WFM"]
[WhiteElo "2172"]
[BlackElo "2123"]
[WhiteTeam "Les Tours des Hauts de France - St Quentin"]
[BlackTeam "Clichy-Echecs-92"]
[WhiteFideId "677400"]
[BlackFideId "20654383"]
[EventDate "2022.06.09"]

1. e4 c5 2. Nf3 Nc6 3. d4 cxd4 4. Nxd4 Nf6 5. Nc3 d6 6. Be3 Ng4 7. Bb5 Nxe3 8.
fxe3 Bd7 9. O-O e6 10. Bxc6 bxc6 11. Qf3 Qf6 12. Qe2 Qg5 13. Rf3 Be7 14. Rg3 Qh6
15. Rh3 Qg6 16. Rg3 Qh6 17. Qa6 O-O 18. Qb7 Rfd8 19. Nxc6 Bxc6 20. Qxc6 Bf6 21.
Rf1 Rac8 22. Qb7 Rb8 23. Qxa7 Rxb2 24. e5 dxe5 25. Ne4 Kh8 26. Qxf7 Rbb8 27.
Nxf6 Rf8 28. Qxe6 gxf6 29. Rgf3 Rbe8 30. Qf5 Ra8 31. a4 Ra6 32. Rd1 Rxa4 33. Rh3
Rh4 34. Rxh4 Qxh4 35. h3 Qg3 36. e4 Rf7 37. Rd8+ Kg7 38. Rd7 Qe3+ 39. Kh2 Rxd7
40. Qxd7+ Kh6 41. Qf5 Kg7 42. Qf3 Qc1 43. Qd3 Kh6 44. c4 Qf4+ 45. Kg1 Qc1+ 46.
Kf2 Qf4+ 47. Ke2 Qh2 48. Qf3 Kg6 49. c5 Qg1 50. c6 Qc5 51. Qf5+ Kg7 52. Qd7+ Kg6
53. c7 Qc2+ 54. Ke3 Qc3+ 55. Kf2 Qc5+ 56. Ke2 Qc2+ 57. Kf3 Qc3+ 58. Ke2 1/2-1/2

[Event "TCh-FRA Top 16 GpB 2022"]
[Site "Chartres FRA"]
[Date "2022.06.10"]
[Round "2.3"]
[Board "1"]
[White "Duboue, Peio"]
[Black "Erigaisi, Arjun"]
[Result "1/2-1/2"]
[WhiteTitle "FM"]
[BlackTitle "GM"]
[WhiteElo "2426"]
[BlackElo "2681"]
[WhiteTeam "Echiquier de l'Erdre"]
[BlackTeam "Mulhouse Philidor"]
[WhiteFideId "654833"]
[BlackFideId "35009192"]
[EventDate "2022.06.09"]

1. e4 e6 2. d4 d5 3. exd5 exd5 4. Nf3 Bd6 5. Bd3 Bg4 6. O-O Ne7 7. Re1 Nc6 8. c3
Qd7 9. a4 O-O-O 10. b4 Rde8 11. a5 Ng6 12. Be3 Nd8 13. h3 Bh5 14. Na3 f5 15. a6
b6 16. Bb5 c6 17. Be2 f4 18. Bd2 Re4 19. Nh2 Bxe2 20. Rxe2 Rhe8 21. Re1 Nf7 22.
Qh5 Nf8 23. Rxe4 dxe4 24. c4 g6 25. Qg4 Qxg4 26. Nxg4 h5 27. Nh2 g5 28. c5 bxc5
29. dxc5 Bb8 30. Re1 Ng6 31. Bc3 Re6 32. Nf3 Re7 33. Bf6 Re6 34. Bc3 Re7 35. Bf6
Re6 1/2-1/2

[Event "TCh-FRA Top 16 GpB 2022"]
[Site "Chartres FRA"]
[Date "2022.06.10"]
[Round "2.3"]
[Board "2"]
[White "Nihal, Sarin"]
[Black "Di Nicolantonio, Lucas"]
[Result "1-0"]
[WhiteTitle "GM"]
[BlackTitle "IM"]
[WhiteElo "2654"]
[BlackElo "2382"]
[WhiteTeam "Mulhouse Philidor"]
[BlackTeam "Echiquier de l'Erdre"]
[WhiteFideId "25092340"]
[BlackFideId "680460"]
[EventDate "2022.06.09"]

1. e4 c6 2. d4 d5 3. e5 c5 4. Nf3 cxd4 5. Nxd4 Nc6 6. Nxc6 bxc6 7. Bd3 e6 8. O-O
Ne7 9. Re1 Ng6 10. Nd2 Be7 11. g3 a5 12. c3 Ba6 13. Bc2 O-O 14. Nf3 c5 15. h4 d4
16. Be4 dxc3 17. h5 Qxd1 18. Rxd1 cxb2 19. Bxb2 Rab8 20. Bc3 Nh8 21. Rd7 Rfe8
22. a4 f5 23. exf6 gxf6 24. Ra7 Bc4 25. Bc6 Rec8 26. Nd2 Rxc6 27. Nxc4 Kf8 28.
Rd1 Rd8 29. Rxd8+ Bxd8 30. Ra8 Ke7 31. Rxd8 Kxd8 32. Bxf6+ Kc7 33. Bxh8 Ra6 34.
Kf1 Kc6 35. Ke2 Kd5 36. Kd3 Ra7 37. Bc3 Rf7 38. f4 Rb7 39. Nxa5 Rb1 40. Nc4 Rd1+
41. Bd2 Rh1 42. g4 Rh4 43. Bc3 Rh1 44. Ne3+ Kd6 45. Bg7 Kc6 46. h6 Rg1 47. g5
Rg3 48. Ke4 Rg1 49. Nc4 Re1+ 50. Kf3 Rh1 51. Ne5+ 1-0

[Event "TCh-FRA Top 16 GpB 2022"]
[Site "Chartres FRA"]
[Date "2022.06.10"]
[Round "2.3"]
[Board "3"]
[White "Eugene, Floryan"]
[Black "Rakotomaharo, Fy Antenaina"]
[Result "0-1"]
[WhiteTitle "FM"]
[BlackTitle "IM"]
[WhiteElo "2373"]
[BlackElo "2466"]
[WhiteTeam "Echiquier de l'Erdre"]
[BlackTeam "Mulhouse Philidor"]
[WhiteFideId "20694784"]
[BlackFideId "13100050"]
[EventDate "2022.06.09"]

1. e4 e5 2. Nf3 Nc6 3. Bc4 Bc5 4. b4 Bxb4 5. c3 Be7 6. d4 Na5 7. Bd3 d6 8. dxe5
dxe5 9. Nxe5 Nf6 10. O-O O-O 11. Qc2 Qd6 12. Nf3 Nd7 13. Be3 Nc5 14. Bxc5 Qxc5
15. Nbd2 Nc6 16. Nb3 Qh5 17. Nbd4 Nxd4 18. cxd4 c6 19. Be2 f6 20. Ne1 Qg6 21.
Bc4+ Kh8 22. f4 f5 23. e5 Be6 24. Rf3 Rad8 25. Rd1 Bd5 26. Bxd5 Rxd5 27. Rb3 b6
28. Rc3 c5 29. dxc5 Bxc5+ 30. Kh1 Rxd1 31. Qxd1 Qe6 32. a3 h6 33. Rd3 Qc4 34.
Qf3 Qc1 35. Rd1 Qxa3 36. Qxa3 Bxa3 37. Ra1 Bb4 38. Nd3 Bc3 39. Rc1 Bd4 40. g3 a5
41. Rc6 Rd8 42. e6 Kg8 43. e7 Re8 44. Rd6 Bf6 45. Rxb6 Rxe7 46. Ra6 Bc3 47. Rc6
Bd4 48. Rd6 Re4 49. Rd5 a4 50. Ra5 Re3 51. Ne5 a3 52. Nc4 Re1+ 53. Kg2 Re2+ 54.
Kf1 Rf2+ 55. Ke1 a2 56. Nd2 Rxd2 0-1

[Event "TCh-FRA Top 16 GpB 2022"]
[Site "Chartres FRA"]
[Date "2022.06.10"]
[Round "2.3"]
[Board "4"]
[White "Burri, Quentin"]
[Black "Hutois, Mickael"]
[Result "1/2-1/2"]
[WhiteTitle "IM"]
[BlackTitle "FM"]
[WhiteElo "2402"]
[BlackElo "2245"]
[WhiteTeam "Mulhouse Philidor"]
[BlackTeam "Echiquier de l'Erdre"]
[WhiteFideId "26028654"]
[BlackFideId "652091"]
[EventDate "2022.06.09"]

1. d4 Nf6 2. c4 e6 3. Nc3 Bb4 4. Bd2 c5 5. dxc5 O-O 6. Nf3 Bxc5 7. g3 b6 8. Bg2
Bb7 9. O-O Nc6 10. Bf4 Rc8 11. Rc1 Na5 12. b3 d5 13. cxd5 Nxd5 14. Nxd5 Bxd5 15.
Ne5 Bxg2 16. Kxg2 Qe7 17. Qd7 f6 18. Rxc5 Qxd7 19. Nxd7 bxc5 20. Nxf8 Kxf8 21.
Rc1 Ke7 22. e4 Nb7 23. Be3 Kd6 24. h4 a5 25. Rc4 Kc6 26. g4 Kb5 27. e5 Kc6 28.
exf6 gxf6 29. g5 fxg5 30. hxg5 Kd5 31. Kf3 Nd6 32. Ra4 Ra8 33. Ke2 Nf5 34. Kd3
e5 35. f4 Nd4 36. fxe5 Nc6 37. e6 Re8 38. Bd2 Rxe6 39. Bxa5 Ne5+ 40. Kc2 Nf3 41.
Rf4 Nxg5 42. Kd3 Ne4 43. Rf5+ Re5 44. Rxe5+ 1/2-1/2

[Event "TCh-FRA Top 16 GpB 2022"]
[Site "Chartres FRA"]
[Date "2022.06.10"]
[Round "2.3"]
[Board "5"]
[White "Real, Thibault"]
[Black "Terrieux, Kevin"]
[Result "0-1"]
[WhiteTitle "FM"]
[BlackTitle "IM"]
[WhiteElo "2279"]
[BlackElo "2448"]
[WhiteTeam "Echiquier de l'Erdre"]
[BlackTeam "Mulhouse Philidor"]
[WhiteFideId "205559"]
[BlackFideId "622591"]
[EventDate "2022.06.09"]

1. e4 e6 2. d4 d5 3. Nc3 Nf6 4. Bg5 Be7 5. e5 Nfd7 6. h4 h6 7. Bxe7 Qxe7 8. Qd2
O-O 9. f4 c5 10. Nf3 Nc6 11. O-O-O cxd4 12. Nxd4 Nc5 13. g3 Bd7 14. Bg2 b5 15.
g4 Na4 16. Nce2 Rfc8 17. g5 h5 18. Rhe1 b4 19. Kb1 Na5 20. b3 Nc3+ 21. Ka1 Nxd1
22. Qxd1 Nc6 23. Nxc6 Rxc6 24. Nd4 Rc7 25. Qxh5 g6 26. Qd1 a5 27. h5 a4 28. hxg6
fxg6 29. Kb1 axb3 30. cxb3 Qc5 31. Qd3 Kg7 32. Bh3 Qb6 33. Bg4 Rc3 34. Qd2 Qa6
35. Be2 Qb6 36. Bg4 Rh8 37. Rd1 Kf7 38. Bf3 Ke7 39. Qf2 Qc5 40. Be2 Rc8 41. Qe1
Rh8 42. Qf2 Rhh3 43. Bg4 Rh8 44. Be2 Qc7 45. Bf1 Rc8 46. Qd2 Qc5 47. Ba6 Ra8 48.
Bf1 Rf8 49. Qf2 Qc7 50. Qd2 Kd8 51. Bd3 Rg8 52. Qh2 Qb6 53. Bc2 Qc5 54. Qh7 Qf8
55. Bxg6 Qg7 56. Qxg7 Rxg7 57. Bc2 Rh3 58. Rf1 Ke7 59. Bd1 Rh4 60. Nc2 Bb5 61.
Rf2 Bd3 62. Kb2 Bxc2 63. Bxc2 Rf7 64. f5 exf5 65. g6 Rf8 66. Bxf5 Rg4 67. Rf1
Rg2+ 68. Kb1 Rg5 69. g7 Rxg7 70. Kc2 Rgf7 0-1

[Event "TCh-FRA Top 16 GpB 2022"]
[Site "Chartres FRA"]
[Date "2022.06.10"]
[Round "2.3"]
[Board "6"]
[White "Riff, Jean-Noel"]
[Black "Le Pen, Steven"]
[Result "1-0"]
[WhiteTitle "GM"]
[WhiteElo "2451"]
[BlackElo "2079"]
[WhiteTeam "Mulhouse Philidor"]
[BlackTeam "Echiquier de l'Erdre"]
[WhiteFideId "611190"]
[BlackFideId "612197"]
[EventDate "2022.06.09"]

1. e4 c5 2. Nf3 d6 3. Bb5+ Nd7 4. O-O Nf6 5. Re1 a6 6. Bf1 b6 7. d4 cxd4 8. Nxd4
Bb7 9. c4 Nxe4 10. f3 Nef6 11. Nf5 e6 12. Nxd6+ Bxd6 13. Qxd6 Nc5 14. Qg3 Qd4+
15. Be3 Qxb2 16. Nd2 O-O 17. Rab1 Qxa2 18. Rxb6 Rfc8 19. Reb1 Bc6 20. Qd6 Ba4
21. Bxc5 Rxc5 22. Qxc5 Qxd2 23. Rb8+ Rxb8 24. Rxb8+ Ne8 25. Qf2 Qxf2+ 26. Kxf2
Kf8 27. c5 1-0

[Event "TCh-FRA Top 16 GpB 2022"]
[Site "Chartres FRA"]
[Date "2022.06.10"]
[Round "2.3"]
[Board "7"]
[White "Prodhomme, Boris"]
[Black "Sokolov, Andrei1"]
[Result "0-1"]
[BlackTitle "GM"]
[WhiteElo "2046"]
[BlackElo "2461"]
[WhiteTeam "Echiquier de l'Erdre"]
[BlackTeam "Mulhouse Philidor"]
[WhiteFideId "640034"]
[BlackFideId "627089"]
[EventDate "2022.06.09"]

1. d4 Nf6 2. c4 e6 3. Nc3 Bb4 4. e3 O-O 5. Ne2 d5 6. a3 Be7 7. cxd5 exd5 8. Nf4
c6 9. Bd3 Re8 10. O-O Bd6 11. f3 Qc7 12. h3 Bxf4 13. exf4 Nbd7 14. g4 Nf8 15.
Ne2 b6 16. Qe1 a5 17. Qf2 Ba6 18. Bxa6 Rxa6 19. f5 Ra7 20. Bd2 Qc8 21. Rac1 Qa6
22. Ng3 Qb5 23. Bf4 Raa8 24. Rc2 Rac8 25. Rfc1 N6d7 26. Bd6 h6 27. Kg2 Nh7 28.
h4 a4 29. Ne2 c5 30. Nf4 c4 31. Nd3 Qc6 32. Bf4 Qb7 33. Nb4 Nb8 34. Rd1 Qd7 35.
Re2 Nc6 36. Nxc6 Qxc6 37. Bd2 Rxe2 38. Qxe2 Re8 39. Qf2 Nf6 40. Re1 Qd7 41.
Rxe8+ Qxe8 42. g5 hxg5 43. hxg5 Nd7 44. Kf1 Nb8 45. Qh4 Nc6 46. Qg4 Qd7 47. Qf4
Ne7 48. Qb8+ Qc8 49. Qxc8+ Nxc8 50. Bb4 Na7 51. Bd6 Nb5 52. Be5 c3 53. bxc3 Nxa3
54. Ke2 Nc4 0-1

[Event "TCh-FRA Top 16 GpB 2022"]
[Site "Chartres FRA"]
[Date "2022.06.10"]
[Round "2.3"]
[Board "8"]
[White "Navrotescu, Andreea"]
[Black "Ruhlmann, Helene"]
[Result "1-0"]
[WhiteTitle "WIM"]
[WhiteElo "2350"]
[BlackElo "1787"]
[WhiteTeam "Mulhouse Philidor"]
[BlackTeam "Echiquier de l'Erdre"]
[WhiteFideId "675946"]
[BlackFideId "20643209"]
[EventDate "2022.06.09"]

1. c4 e5 2. Nc3 Nf6 3. Nf3 Nc6 4. e3 Be7 5. d4 exd4 6. Nxd4 O-O 7. Nc2 Bc5 8.
Be2 Re8 9. O-O d6 10. Na4 Qe7 11. Nxc5 dxc5 12. f3 Be6 13. Qe1 Rad8 14. b3 Bc8
15. Kh1 b6 16. Bb2 Rd6 17. Rd1 Red8 18. Qc3 Ne8 19. a3 Rh6 20. g3 Qg5 21. Rxd8
Qxd8 22. Rd1 Qg5 23. Qe1 a5 24. Rd5 Qe7 25. e4 Rd6 26. Qd2 Be6 27. Ne3 a4 28.
Rxd6 Qxd6 29. Qxd6 Nxd6 30. bxa4 Na5 31. Be5 f6 32. Bxd6 cxd6 33. Kg2 Kf7 34. f4
Ke7 35. Kf2 g6 36. Ke1 Nb3 37. Kd1 Kd7 38. Bg4 Na5 39. Bxe6+ Kxe6 40. Kc2 Nc6 1-0

[Event "TCh-FRA Top 16 GpB 2022"]
[Site "Chartres FRA"]
[Date "2022.06.10"]
[Round "2.4"]
[Board "1"]
[White "Esipenko, Andrey"]
[Black "Vernay, Clovis"]
[Result "1-0"]
[WhiteTitle "GM"]
[BlackTitle "GM"]
[WhiteElo "2705"]
[BlackElo "2520"]
[WhiteTeam "Asnieres - Le Grand Echiquier"]
[BlackTeam "Lyon Olympique Echecs"]
[WhiteFideId "24175439"]
[BlackFideId "633046"]
[EventDate "2022.06.09"]

1. e4 e6 2. d4 d5 3. Nc3 Nf6 4. e5 Nfd7 5. f4 c5 6. Nf3 Nc6 7. Be3 a6 8. Ne2 Qb6
9. Qc1 Qc7 10. c3 b6 11. f5 exf5 12. Nf4 Ne7 13. Bd3 c4 14. Bc2 h6 15. O-O g5
16. Nh5 Qc6 17. h4 f4 18. Bd2 Bb7 19. Qd1 O-O-O 20. hxg5 hxg5 21. Nxg5 Qh6 22.
Nxf7 Qxh5 23. Qxh5 Rxh5 24. Bxf4 Bg7 25. Nd6+ 1-0

[Event "TCh-FRA Top 16 GpB 2022"]
[Site "Chartres FRA"]
[Date "2022.06.10"]
[Round "2.4"]
[Board "2"]
[White "Brailly-Vignal, Bastien"]
[Black "Movsesian, Sergei"]
[Result "0-1"]
[WhiteTitle "FM"]
[BlackTitle "GM"]
[WhiteElo "2361"]
[BlackElo "2607"]
[WhiteTeam "Lyon Olympique Echecs"]
[BlackTeam "Asnieres - Le Grand Echiquier"]
[WhiteFideId "658804"]
[BlackFideId "310204"]
[EventDate "2022.06.09"]

1. d4 Nf6 2. c4 g6 3. Nc3 Bg7 4. g3 d6 5. Bg2 O-O 6. Nf3 Bf5 7. Nh4 Bc8 8. Nf3
c6 9. O-O Qb6 10. b3 e5 11. dxe5 dxe5 12. e4 Bg4 13. Qc2 Nbd7 14. Na4 Qc7 15.
Be3 Rfe8 16. h3 Bxf3 17. Bxf3 Nf8 18. Rad1 b6 19. Bg2 Ne6 20. c5 b5 21. Nc3 Rad8
22. Ne2 h5 23. f4 Bh6 24. Qc3 b4 25. Qc1 Qa5 26. Rd6 Rxd6 27. cxd6 Nf8 28. fxe5
Bxe3+ 29. Qxe3 N6d7 30. Qd2 Nxe5 31. Rd1 Nfd7 32. Nf4 Qc5+ 33. Kh2 a5 34. Rc1
Qb6 35. Rd1 Nf6 36. Nd3 Nfd7 37. Nf4 Rd8 38. Rc1 Ra8 39. Rb1 a4 40. bxa4 Rxa4
41. Rf1 Ra3 42. Rf2 b3 43. axb3 Qxb3 44. Ne2 Ra2 45. Qf4 Qa3 46. Nd4 Rxf2 47.
Qxf2 Qxd6 48. Nc2 h4 49. Qf4 hxg3+ 50. Qxg3 Nf6 51. Kh1 Nh5 52. Qc3 Nd3 53. e5
Nxe5 54. Nb4 Ng4 0-1

[Event "TCh-FRA Top 16 GpB 2022"]
[Site "Chartres FRA"]
[Date "2022.06.10"]
[Round "2.4"]
[Board "3"]
[White "Moussard, Jules"]
[Black "Marzolo, Cyril"]
[Result "1-0"]
[WhiteTitle "GM"]
[BlackTitle "IM"]
[WhiteElo "2668"]
[BlackElo "2378"]
[WhiteTeam "Asnieres - Le Grand Echiquier"]
[BlackTeam "Lyon Olympique Echecs"]
[WhiteFideId "642908"]
[BlackFideId "608653"]
[EventDate "2022.06.09"]

1. e4 e5 2. Nf3 Nf6 3. d4 Nxe4 4. dxe5 d5 5. Nbd2 Nxd2 6. Bxd2 Be7 7. Bd3 c5 8.
c3 Nc6 9. O-O Be6 10. Re1 h6 11. Qa4 a6 12. Rad1 Qd7 13. Qc2 O-O-O 14. b4 c4 15.
Be2 d4 16. cxd4 Nxd4 17. Nxd4 Qxd4 18. Be3 Qxe5 19. Bxc4 Qc7 20. Bxe6+ fxe6 21.
Qe2 Rxd1 22. Rxd1 Kb8 23. b5 axb5 24. Qxb5 Rd8 25. Rb1 Rd5 26. Qb3 Bc5 27. Bf4
Bd6 28. Bxd6 Rxd6 29. h4 Rc6 30. Qe3 Rc3 31. Qxe6 Rc1+ 32. Rxc1 Qxc1+ 33. Kh2
Qf4+ 34. Kh3 Qxf2 35. Qe5+ Ka7 36. Qxg7 h5 37. Qe5 Qf7 38. Qd4+ Ka6 39. Qa4+ Kb6
40. Qb3+ 1-0

[Event "TCh-FRA Top 16 GpB 2022"]
[Site "Chartres FRA"]
[Date "2022.06.10"]
[Round "2.4"]
[Board "4"]
[White "Rouler, Charly"]
[Black "Gozzoli, Yannick"]
[Result "1/2-1/2"]
[WhiteTitle "FM"]
[BlackTitle "GM"]
[WhiteElo "2346"]
[BlackElo "2594"]
[WhiteTeam "Lyon Olympique Echecs"]
[BlackTeam "Asnieres - Le Grand Echiquier"]
[WhiteFideId "621692"]
[BlackFideId "616915"]
[EventDate "2022.06.09"]

1. d4 d5 2. c4 e6 3. Nc3 c5 4. cxd5 cxd4 5. Qa4+ Bd7 6. Qxd4 exd5 7. Nf3 Nc6 8.
Qd1 Nf6 9. Bg5 Bb4 10. e3 h6 11. Bxf6 Qxf6 12. Rc1 O-O 13. Be2 Be6 14. O-O Rfd8
15. a3 Ba5 16. b4 Bb6 17. Nb5 d4 18. Nbxd4 Nxd4 19. Nxd4 Bxd4 20. exd4 Rxd4 21.
Qc2 Rad8 22. Bf3 b5 23. Rfd1 Bf5 24. Qa2 Rxd1+ 25. Rxd1 Rxd1+ 26. Bxd1 Qc3 27.
Qe2 a6 28. h4 Be6 29. Qf3 Qd2 30. Kh2 Bd5 31. Qe2 Qf4+ 32. g3 Qd4 33. Bc2 g5 34.
Qe3 Qf6 35. h5 Bf3 36. Bb3 Kg7 37. Qa7 Bxh5 38. Bd5 Bf3 39. Bxf3 Qxf3 40. Qd4+
Kg6 41. Kg1 f6 42. Qd7 Qe4 43. Qc8 Qe1+ 44. Kg2 Qe4+ 45. Kg1 Qe1+ 46. Kg2 Qe4+
47. Kg1 1/2-1/2

[Event "TCh-FRA Top 16 GpB 2022"]
[Site "Chartres FRA"]
[Date "2022.06.10"]
[Round "2.4"]
[Board "5"]
[White "Degraeve, Jean-Marc"]
[Black "Benitah, Yohan"]
[Result "1-0"]
[WhiteTitle "GM"]
[BlackTitle "IM"]
[WhiteElo "2518"]
[BlackElo "2385"]
[WhiteTeam "Asnieres - Le Grand Echiquier"]
[BlackTeam "Lyon Olympique Echecs"]
[WhiteFideId "600270"]
[BlackFideId "609560"]
[EventDate "2022.06.09"]

1. e4 c5 2. Nc3 d6 3. d4 cxd4 4. Qxd4 a6 5. Be3 Nf6 6. Nd5 Nbd7 7. Bc4 e6 8.
Nxf6+ Nxf6 9. Ne2 Be7 10. f3 O-O 11. a4 Bd7 12. O-O Bc6 13. Nc3 Rc8 14. Rfd1 Qa5
15. Bf1 d5 16. exd5 Nxd5 17. Nxd5 Bxd5 18. Qd2 Qc7 19. c4 Bc6 20. Qf2 Rfd8 21.
Rxd8+ Qxd8 22. Bb6 Qd6 23. a5 Bf6 24. Rc1 h6 25. b3 Be5 26. h3 Bh2+ 27. Kh1 Bf4
28. Rc3 Qd1 29. Rd3 Qb1 30. Qe2 Bg5 31. Qd1 Qb2 32. Be3 Be7 33. Bd4 Qa3 34. Qa1
Qxa1 35. Bxa1 Bb4 36. Bc3 Bxc3 37. Rxc3 Rd8 38. Rd3 Rxd3 39. Bxd3 Kf8 40. Kg1
Ke7 41. Kf2 Kd6 42. b4 e5 43. h4 h5 44. Ke3 g6 45. g4 Bd7 46. gxh5 gxh5 47. f4
f5 48. Be2 Be8 49. Bf3 e4 50. Be2 Ke6 51. Kd4 Kd6 52. b5 1-0